<?xml version="1.0" encoding="UTF-8"?>
<marc:record xmlns:marc="http://www.loc.gov/MARC21/slim">
   <marc:leader>00000nam a2200000 a 4500</marc:leader>
   <marc:datafield ind1="1" ind2=" " tag="100">
      <marc:subfield code="a">Gifford, Clive</marc:subfield>
      <marc:subfield code="4">aut</marc:subfield>
      <marc:subfield code="e">Verfasser/-in</marc:subfield>
   </marc:datafield>
   <marc:datafield ind1=" " ind2=" " tag="653">
      <marc:subfield code="a">Fußball</marc:subfield>
   </marc:datafield>
   <marc:datafield ind1=" " ind2=" " tag="653">
      <marc:subfield code="a">Sachbilderbücher/Sonstiges</marc:subfield>
   </marc:datafield>
   <marc:datafield ind1=" " ind2=" " tag="653">
      <marc:subfield code="a">Jugendsachbuch</marc:subfield>
   </marc:datafield>
   <marc:datafield ind1="0" ind2="0" tag="245">
      <marc:subfield code="a">Mein großes Fußballbuch</marc:subfield>
   </marc:datafield>
   <marc:datafield ind1="0" ind2="0" tag="245">
      <marc:subfield code="b">Regeln, Technik - Stars und Meisterschaften</marc:subfield>
   </marc:datafield>
   <marc:datafield ind1="0" ind2="0" tag="245">
      <marc:subfield code="c">Clive Gifford. [Aus dem Engl. von Andreas Hoffmann</marc:subfield>
   </marc:datafield>
   <marc:datafield ind1=" " ind2="1" tag="264">
      <marc:subfield code="a">München</marc:subfield>
      <marc:subfield code="b">Omnibus</marc:subfield>
      <marc:subfield code="c">2008</marc:subfield>
   </marc:datafield>
   <marc:datafield ind1=" " ind2=" " tag="250">
      <marc:subfield code="a">1. Aufl.</marc:subfield>
   </marc:datafield>
   <marc:datafield ind1="1" ind2=" " tag="520">
      <marc:subfield code="a">Angaben aus der Verlagsmeldung

Mein großes Fußballbuch : Regeln, Technik, Stars, berühmte Teams und Meisterschaften / von Clive Gifford

Das große Fußballbuch führt umfassend, sachkundig und unterhaltsam durch die Welt des Königssports. Hier bleibt keine Frage offen! Ob zu Regeln, Technik und taktischen Spielmanövern, zu Standardsituationen oder Spielerpositionen – hier findet jeder die passende Antwort. Eine übersichtliche und kurzweilige Geschichte des Fußballsports stellt große Vereine, berühmte Mannschaften und Fußballerlegenden vor und erzählt von legendären Begegnungen und entscheidenden Toren in der letzten Spielminute.

• Alles über Technik, Regeln, Taktik und die Geschichte des Fußballsports
• Gut recherchiert, unterhaltsam erzählt
• Mit vielen Farbfotos und Grafiken
• Mit einem Glossar der Fachbegriffe, Register, sowie nützlichen Internetadressen zum Weiterstöbern
</marc:subfield>
   </marc:datafield>
   <marc:datafield ind1=" " ind2=" " tag="020">
      <marc:subfield code="a">9783570218860</marc:subfield>
      <marc:subfield code="9">9783570218860</marc:subfield>
   </marc:datafield>
   <marc:datafield ind1=" " ind2=" " tag="020">
      <marc:subfield code="a">3570218864</marc:subfield>
      <marc:subfield code="9">3570218864</marc:subfield>
   </marc:datafield>
   <marc:datafield ind1=" " ind2=" " tag="041">
      <marc:subfield code="a">ger</marc:subfield>
   </marc:datafield>
   <marc:datafield ind1=" " ind2=" " tag="300">
      <marc:subfield code="a">148 S.</marc:subfield>
   </marc:datafield>
</marc:record>
